LIBRARY & INFORMATION CENTRE, KCAET, TAVANUR

ONLINE PUBLIC ACCESS CATALOGUE (OPAC)

Popular master guide CAT (Record no. 13830)

MARC details
000 -LEADER
fixed length control field 00274nam a22001217a 4500
020 ## - INTERNATIONAL STANDARD BOOK NUMBER
ISBN 8178120461
082 ## - DEWEY DECIMAL CLASSIFICATION NUMBER
Classification number 371.271 GUP/PO
100 ## - MAIN ENTRY--AUTHOR NAME
Personal name Gupta R
245 ## - TITLE STATEMENT
Title Popular master guide CAT
260 ## - PUBLICATION, DISTRIBUTION, ETC. (IMPRINT)
Place of publication New Delhi
Name of publisher Ramesh Publishing House
Year of publication 2013
300 ## - PHYSICAL DESCRIPTION
Number of Pages 504
942 ## - ADDED ENTRY ELEMENTS (KOHA)
Koha item type Books
Holdings
Withdrawn status Lost status Damaged status Collection code Home library Current library Shelving location Date acquired Source of acquisition Cost, normal purchase price Full call number Accession Number Koha item type
      Reference KAUAET KAUAET Reference 31/03/2012 Penta Books,Calicut 335.00 371.271 GUP/PO 23482 Books
free website counter